000 01070njm a22002657a 4500
005 20100906110713.0
007 sd ammalaaahaa
008 100830t xxu||||| |||| 00| 0 hin d
028 _aGE. 28044
_bColumbia
035 _aGR-828
040 _aSED/VEN
100 _917458
_aRafi
245 _aBaiju bawra bhag 1 /
_cby Mohd. Rafi ; music Dtn. Noushad
_h[Sound recording] :
246 _aबैजू बावरा (रफ़ी)
260 _aDum Dum, India
_bColumbia
300 _a1 Sound disc [Gramophone Record] :
_banlog, 33 1/3 rpm
_c10 in (LP)
_fGramophone Records
500 _aBrief record
505 _aRagragini-llt, goidh mlhar, puriya, bagesri, Darwari (रागरागिनी-ललत, गोइढ़ मल्हार, पुरिया, बागेसरी, दरवारी) भाग 2
650 _aClasical music
_91186
_zIndia
_xExcerpts
700 _917459
_aDtn. Noushad
700 _917960
700 _918488
942 _2ddc
_cGR
999 _c43899
_d43899